000 00674nam a2200253Ia 4500
005 20250425160654.0
008 250425s9999 xx 000 0 und d
020 _a9978408908
041 _aspa
082 _a330.9
100 _aMONTALVO G., MARIANA
245 0 _aSECRETOS DE LA INFLACION, DEFLACION , CONVERTIBILIDAD Y DOLARIZACION : SOBREVIVA AL CAMBIO
250 _a1A ED.
260 _aEcuador
_bELEMPRES
_c1999
260 _aS.L.
300 _a93
650 _aCONDICIONES ECONOMICAS Y SOCIALES
650 _aCONVERTIBILIDAD
650 _aESTABILIZACION ECONOMICA
650 _aINFLACION
650 _aMODERNIZACION
942 _c01
010 _a1959
999 _c193828
_d193828